Taylor Swift - guess the song with no hints ⭒4 - Statistics

General Stats
  • This quiz has been taken 3,247 times
  • The average score is 266 of 392
Answer Stats
Answer % Correct
"I
100%
I
100%
a
98%
A
98%
You
98%
you
98%
the
94%
an
93%
me
92%
me)
92%
me"
92%
and
91%
And
91%
say,
90%
say
90%
(say
90%
We
89%
we
89%
Do
88%
"Do
88%
love
88%
your
88%
it
86%
it?
86%
to
85%
To
85%
in
84%
My
84%
my
84%
be
83%
know
83%
Who
83%
you're
82%
(You're
82%
(you're
82%
You're
82%
don't
80%
don't"
80%
is
79%
I'm
76%
that
75%
were
75%
can
74%
her
74%
this
73%
all
72%
for
72%
For
72%
of
71%
they
71%
too
71%
it's
70%
what
70%
would
70%
was
69%
How
68%
see
68%
at
67%
can't
67%
if
67%
losin'
66%
but
65%
as
64%
'cause
63%
'Cause
63%
('cause
63%
could
63%
have
63%
did
62%
Stop,
62%
Stop
62%
(stop)
62%
(stop,
62%
stop),
62%
heart
61%
just
61%
time,
61%
time
61%
now,
60%
Now,
60%
got
59%
(got
59%
thing
59%
with
59%
won't
59%
only
58%
wouldn't
58%
understand, "
57%
babe,
55%
best
55%
from
55%
something,
55%
something"
55%
something)
55%
wanted
55%
gone
54%
loved
54%
people
54%
Every
53%
marry
53%
anymore
52%
back
52%
either
52%
find
52%
pleaser
52%
start
52%
nothing
51%
nothing)
51%
out
51%
come
50%
thought
50%
gave
49%
or
49%
party
49%
tell
49%
Always
48%
long
48%
pathological
48%
pulse
48%
sad
48%
far
47%
life?
47%
light
47%
"Lose
47%
army
46%
down
46%
even
46%
Fighting
46%
sit
46%
song
46%
'Til
46%
believe
45%
everything
45%
keep
45%
Remember
45%
risk
45%
someone
45%
wonder
45%
dark
44%
eyes
44%
room,
44%
thinkin'
44%
until
44%
bring
43%
fear
43%
tried
43%
ashes
42%
choosin'
42%
cure
42%
endless
42%
lookin'
42%
soldier
42%
Unless
42%
bravest
41%
Frontlines,
41%
me's,
41%
through
41%
tired
41%
empathy
40%
getting
40%
phoenix
40%
risin'
40%
throw
40%
built
39%
"Choose
39%
might
39%
bleed
38%
dyin'?
38%
final
38%
blow
37%
fadin',
37%
admit
36%
face
36%
sick
36%
gashes
35%
mornin',
35%
gray,
34%
Mendin'
34%
hallway
33%
storms
33%
air
32%
dealt
32%
pain
32%
runnin'
32%
such
31%
bit
30%
glared
30%
indecision
30%
nails
30%
quick
30%
imposition
29%
sent
28%
signals
28%
loss
27%
thick
27%
ignore me
22%
No matching quizzes found
Score Distribution
Percent of People with Each Score
Percentile by Number Answered
Your Score History
You have not taken this quiz